000 00406nam a2200157Ia 4500
003 LK-CoDNM
005 20240826151231.0
008 010623t1920 xxu||||| |||| 00| 1 eng d
040 _aLK-CoDNM
_dLK-CoDNM
_eLK-CoDNM
041 _aeng
080 _a22
_bK32
245 _aProceedings of Meetings - VOL IV
260 _bSuperintendent government
_aCalcutta
_c1920
300 _b109p. : 25 cm
942 _cBK
999 _c90019
_d90019